000
00344nam a2200157Ia 4500
008
230605s2012 xx 000 0 und d
041
_a
eng
100
_a
obite
245
_a
Ultimate family visual dictionary
260
_b
Dorling pub.
_c
2012
300
_a
672
365
_b
249.5
500
_a
2184
520
_a
Misc
650
_a
Dict.
999
_c
419343
_d
419343